Commune du Maine-et-Loire (49) de plus de 10000 habitants - Statistiques

Statistiques générales
  • Ce quiz a été pris 111 fois
  • Le résultat moyen est 7 sur 17
Statistiques - réponses
Habitants Commune % Correct
157555 (préfecture) Angers
100%
54074 Cholet
96%
26074 Saumur
90%
15620 Trélazé
55%
15225 Avrillé
48%
21550 Chemillé-en-Anjou
43%
25764 Sèvremoine
43%
17617 Segré-en-Anjou-Bleu
39%
12863 Les Ponts-de-Cé
36%
18514 Mauges-sur-Loire
29%
23887 Beaupréau-en-Mauges
28%
11747 Baugé-en-Anjou
22%
16588 Loire-Authion
22%
11227 Doué-en-Anjou
20%
15684 Montrevault-sur-Evre
19%
16975 Orée d'Anjou
17%
11000 Brissac-Loire-Aubance
12%
Aucun quiz correspondant
Distribution des résultats
% des personnes avec chaque résultat
Percentile par nombre de réponses
Votre historique - résultats
Vous n’avez pas pris ce quiz